| 000 | 00972nam a22002177a 4500 | ||
|---|---|---|---|
| 999 |
_c19049 _d19049 |
||
| 003 | AR-CdUCM | ||
| 008 | 190427b ||||| |||| 00| 0 spa d | ||
| 040 |
_aMUNICIPALIDAD PROVINCIAL DEL CUSCO _cBIBLIOTECA MUNICIPAL DEL CUSCO |
||
| 082 |
_a619 / _bB39 |
||
| 100 |
_aBernard, Claude _934484 |
||
| 245 |
_aIntroducción al estudio de la medicina experimental : _bHistoria critica de su vida y sus trabajos / |
||
| 260 |
_aMéxico : _bUniversidad nacional autónoma de México dirección general de publicaciones, _c1942. |
||
| 300 |
_a418 paginas ; _c25 cm. |
||
| 440 |
_aProblemas cientificos y filosoficos _n21 _940119 |
||
| 505 | _aContenido : Historia critica de la vida y los trabajos de Claudio Bernard -- Creador de la filosofía general -- Creador de la medicina experimental... | ||
| 650 |
_aMedicina experimental _926348 |
||
| 650 |
_aMétodo experimental _940120 |
||
| 650 |
_aCritica experimental _940121 |
||
| 942 |
_2ddc _cLIBROS |
||
| 945 |
_arcc _d2019-04-27 |
||